00913nam a22002657a 4500001000700000003000900007005001700016007000700033008004600040020001500086040002200101092001700123100003300140245008000173260009100253300002200344490003100366500003000397830003300427942001200460945002700472952010800499956002300607999001700630000556DO-SdBNP20180130102757.0000556161017b 1992 sp ||||| |||| 00| 0 spa d a8479693002 aBPMSUbspacBPMSU axxxxxbxxxxx1 aAlas, Leopoldo, d1852-1901.10aEl caballero de la mesa redonda y otros relatos /cLeopoldo Alas "Clarín" a[Madrid] : bCompañía Europea de Comunicación e Información : bAnaya, c1992. a94 p. ; c19 cm. 1 aBiblioteca de El sol v266 aIncluye datos del autor.  0aBiblioteca de El sol ; v266 2ddccBK aInventariado, 2018/ YL 00102ddc40708CGaBPMETbBPMETd2016-10-17eDonaciónl0pBPMSU16100190r2016-10-17w2016-10-17yBK aLOPEREZb10cBPMSU c11578d11578